000 00656nam a2200217Ia 4500
005 20231201093026.0
008 131103s9999 xx 000 0 und d
020 _a0-333-67651-3(pbk)
040 _aLoreto College
041 _aEnglish
082 _a327
_bWHI
245 _aIssues in the world politics
_c[ edited by] Brain White, Richard Little and Michael Smith
260 _aHoundmills
_bMacmillan
_c1997
300 _axvi,297 p.
504 _aIncludes bibliographical references and index
650 _aPolitics - International Relations -
651 _aPolitical Science -
700 _aWhite, Brain, ed.
850 _aLCLIB
942 _cBK
999 _c1463
_d51942